|
|
|
|
| LEADER |
00000nam a2200000 a 4500 |
| 001 |
vtls001345810 |
| 003 |
SK-MaSNL |
| 005 |
20260301200724.0 |
| 008 |
240318s1973 xr g 00000 cze |
| 035 |
|
|
|a SNK000299046
|
| 040 |
|
|
|a SNK
|b slo
|c SNK
|e AACR2
|
| 072 |
|
7 |
|a 664
|x Potravinársky priemysel
|2 konspekt
|
| 080 |
|
|
|a 664.5
|2 2011
|
| 080 |
|
|
|a (035)
|2 2011
|
| 100 |
1 |
|
|a Žáček, Zdeněk
|4 aut
|9 294730
|
| 245 |
1 |
0 |
|a Vůně koření
|c Zdeněk Žáček
|
| 250 |
|
|
|a 1. vyd.
|
| 260 |
|
|
|a Praha
|b Merkur
|c 1973
|
| 300 |
|
|
|a 224 s.
|
| 650 |
0 |
7 |
|a kuchynské prísady
|2 SNKPH
|9 66807
|
| 650 |
0 |
7 |
|a Spices
|2 SNKPHeng
|9 535926
|
| 655 |
|
7 |
|a príručky
|2 SNKPH
|9 74364
|
| 655 |
|
7 |
|a Handbooks, manuals, etc.
|2 SNKPHeng
|9 90964
|
| 852 |
|
|
|a Štátna vedecká knižnica v Banskej Bystrici
|
| 958 |
|
|
|a OND
|
| 999 |
|
|
|c 891793
|d 893723
|
| 952 |
|
|
|t P60, <04>, [BOOK], {604}
|a SNK
|b SNK
|y VYP
|7 0
|p 17A0166806
|o snkID 61160 D1
|0 0
|1 1
|4 0
|d 1998-10-20
|l 0
|r 2005-01-02 00:00:00
|w 2026-02-24
|
| 952 |
|
|
|t P60, <04>, [BOOK], {604}
|a SNK
|b SNK
|y VYP
|7 0
|p 17A0315325
|o snkID 61160
|0 0
|1 0
|4 0
|d 2001-09-21
|l 0
|r 2005-01-02 00:00:00
|w 2026-02-24
|